Suoni e salute (Record n. 94711)

Dettagli MARC
000 -LEADER
fixed length control field 01597nam a2200337Ia 4500
001 - CONTROL NUMBER
control field C7509
003 - CONTROL NUMBER IDENTIFIER
control field IT-RoPAU
008 - FIXED-LENGTH DATA ELEMENTS--GENERAL INFORMATION
fixed length control field 130308s9999 xx 000 0 und d
040 ## - CATALOGING SOURCE
Original cataloging agency IT-RoPAU
040 ## - CATALOGING SOURCE
Transcribing agency IT-RoPAU
041 ## - LANGUAGE CODE
Language code of text/sound track or separate title ITALIANO
100 ## - MAIN ENTRY--PERSONAL NAME
Personal name Halpern Steven
100 ## - MAIN ENTRY--PERSONAL NAME
Miscellaneous information Codice Aut. SPICS: 42331
240 ## - UNIFORM TITLE
Uniform title SOUND HEALTH
240 ## - UNIFORM TITLE
Miscellaneous information Codice Tit. Orig. Spics: T2841
245 ## - TITLE STATEMENT
Title Suoni e salute
245 ## - TITLE STATEMENT
Remainder of title Suoni e Salute
250 ## - EDITION STATEMENT
Edition statement 1a ed.
260 ## - PUBLICATION, DISTRIBUTION, ETC. (IMPRINT)
Place of publication, distribution, etc. COMO
260 ## - PUBLICATION, DISTRIBUTION, ETC. (IMPRINT)
Name of publisher, distributor, etc. RED Edizioni
260 ## - PUBLICATION, DISTRIBUTION, ETC. (IMPRINT)
Date of publication, distribution, etc. 1991 [1° Ed.:1991 - Ed.Ling.Originale:1985]
300 ## - PHYSICAL DESCRIPTION
Extent "208 p. (prefazione: no ; testo: 208 [pagine: 0-0])"
500 ## - GENERAL NOTE
General note "Musica Dannosa? Musica Benefica? una Proposta concreta per Trasformare L'Inquinamento Acustico in una Salutare e Personalissima ""Dieta Sonora"". Affascinante Viaggio nel Mondo dei Suoni Alla Scoperta degli Effetti che Essi Producono Sul Nostro Corpo e Sulla nostra Mente. Visione sonora della Realtà. Corpo Sonoro: Immersi Nei Suoni, inquinamento Sonoro, Nutrimento Sonoro, Vibrazioni Sonore, Rilassamento Sonoro, medicina basata Sul Suono, Dieta Sonora, Sistema Sonoro. Mente e Suono: Psicologia del Suono, Immaginazione Sonora, Educazione Sonora, Principi del Suono, Condizionamento Sonoro. Suono e Spiritualita': totalità Sonora, Anima Spirito e Suono, Suono Interiore, Meditazione con Il Suono. Appendice bibliografica e Documentaria."
650 ## - SUBJECT ADDED ENTRY--TOPICAL TERM
Topical term or geographic name as entry element SAGGI MUSICALI
650 ## - SUBJECT ADDED ENTRY--TOPICAL TERM
Relator term Codice materia Spics: 7011
700 ## - ADDED ENTRY--PERSONAL NAME
Personal name Savary Louis M.
700 ## - ADDED ENTRY--PERSONAL NAME
Miscellaneous information Codice Aut. SPICS: 42332
942 ## - ADDED ENTRY ELEMENTS (KOHA)
Koha item type LIBRO
957 ## -
-- 1
999 ## - SYSTEM CONTROL NUMBERS (KOHA)
-- 1
Dati di copia
Withdrawn status Lost status Damaged status Not for loan Home library Current library Date acquired Total Checkouts Full call number Date last seen Price effective from Koha item type Public note
    Buone Condizioni Not For Loan SPICS-MEDIATECA SPICS-MEDIATECA 08/03/2013   C7509 08/03/2013 08/03/2013 LIBRO Progressivo inserimento: 51502 / N. Volumi: 1 Copie: 1 / data import: 1 marzo 2013 - By Epidotti, Trombetti, Vaglietti.
CREDITS: SOCIETA' SAN PAOLO Via A.Severo, 58 - ROMA (RM) & PERIODICI SAN PAOLO SRL Via Giotto, 36 MILANO & CISF Via Giotto, 36 MILANO & EDIZIONI SAN PAOLO SRL,  Piazza Soncino, 5 CINISELLO BALSAMO (MI) -- ITALY